| 000 | 00334nam a22001337a 4500 | ||
|---|---|---|---|
| 020 | _a0201708531 | ||
| 082 |
_222 _a005.1 |
||
| 100 | _aSchneider, Geri and Winters, Jason P. | ||
| 245 | _aApplying use cases / | ||
| 250 | _a2nd. | ||
| 260 |
_aUSA, _bAddison Wesley, _cc2001. |
||
| 300 |
_axvi, 245p. ; _bill. ; _c23 cm. |
||
| 942 |
_2ddc _cIT |
||
| 999 |
_c1461 _d1461 |
||